Missing Word: Famous French People Quiz Stats

 Plays Quiz Updated Jul 14, 2015

Challenge
Share
Tweet
Embed
Score 0/20 Timer 05:00
1 Play Today
Person Missing Word % Correct
____ of ArcJoan
97.5%
Napoleon _________Bonaparte
96.4%
______ de GaulleCharles
93.6%
Marie __________Antoinette
92.6%
_____ PasteurLouis
92.2%
Yves _____ LaurentSaint
90.8%
_____ VerneJules
90.3%
Claude _____Monet
89%
Louis _______Braille
87.7%
Brigitte ______Bardot
80.7%
Person Missing Word % Correct
Jean- _____ Sartre Paul
76.4%
Gustave ______Eiffel
70.7%
Édith ____Piaf
68.1%
Auguste _______Rodin
67.2%
Jean- _______ RousseauJacques
57.3%
______ de Beauvoir Simone
56.7%
Claude _______Debussy
54.8%
Zinedine ______Zidane
52%
__________ Robespierre Maximilien
28.3%
Madame de _________Pompadour
27.4%

Today's Daily Dose

You're not logged in!

Compare scores with friends on all Sporcle quizzes.
Join for Free
OR
Log In

You Might Also Like...

Show Comments

Extras

Top Quizzes Today


Score Distribution

Your Account Isn't Verified!

In order to create a playlist on Sporcle, you need to verify the email address you used during registration. Go to your Sporcle Settings to finish the process.

Report this User

Report this user for behavior that violates our Community Guidelines.

Details: